[Event "Frankfurt Ch 2008"]
[Site "Ffm-Kalbach, LAZ"]
[Date "2008.04.28"]
[Round "1.32"]
[White "Kletzerman, Simon"]
[Black "Bischoff, Ulrich"]
[Result "0-1"]
[WhiteElo "1592"]
[BlackElo "2101"]
[PlyCount "96"]
[EventDate "2008.??.??"]

1. e4 d5 2. exd5 Qxd5 3. Nf3 Bg4 4. Be2 Nc6 5. O-O O-O-O 6. d3 f6 7. Be3 e5 8.
Nbd2 Nh6 9. Nb3 Nf5 10. Bd2 Nd6 11. Ne1 Bxe2 12. Qxe2 h5 13. f4 e4 14. dxe4
Qxe4 15. Qxe4 Nxe4 16. Be3 Nb4 17. a3 Nd5 18. Bc1 c5 19. c4 Nb6 20. Na5 Na4 21.
Be3 Nxb2 22. Rb1 Nd1 23. Bc1 b6 24. Nb3 Nec3 25. Ra1 Ne2+ 26. Kh1 Nd4 27. Nxd4
cxd4 28. Nd3 Ne3 29. a4 Nxf1 30. a5 Ne3 31. axb6 axb6 32. Kg1 Kb7 33. c5 Bxc5
34. Nxc5+ bxc5 35. Kf2 Rhe8 36. Ra2 Nd1+ 37. Kf3 c4 38. Ra4 c3 39. g4 d3 40.
Ra2 Ra8 41. Rxa8 Kxa8 42. h4 d2 43. Bxd2 cxd2 44. g5 Re3+ 45. Kg2 Nc3 46. Kf2
Re2+ 47. Kf3 d1=Q 48. f5 Qd3+ 0-1

[Event "Frankfurt Ch 2008"]
[Site "Ffm-Kalbach, LAZ"]
[Date "2008.04.28"]
[Round "1.34"]
[White "Kronenburg, Thorsten"]
[Black "Göbel, Andreas"]
[Result "1/2-1/2"]
[WhiteElo "1564"]
[BlackElo "2052"]
[PlyCount "47"]
[EventDate "2008.??.??"]

1. b4 e5 2. Bb2 f6 3. b5 d5 4. e3 Be6 5. d4 exd4 6. Bxd4 Bd6 7. Nf3 Ne7 8. Be2
O-O 9. O-O Nd7 10. Nbd2 c5 11. bxc6 Nxc6 12. c4 Nde5 13. cxd5 Bxd5 14. Nb3 Rc8
15. Rc1 Ba3 16. Rc2 Be4 17. Rd2 Qe7 18. Bxe5 Nxe5 19. Nbd4 Bb4 20. Qb3+ Kh8 21.
Rdd1 Rfd8 22. Rc1 Bc5 23. Rfd1 Bd5 24. Qa4 1/2-1/2

[Event "Frankfurt Ch 2008"]
[Site "Ffm-Kalbach, LAZ"]
[Date "2008.04.28"]
[Round "1.35"]
[White "Koch, Markus"]
[Black "Grunenberg, Sven"]
[Result "1-0"]
[WhiteElo "1935"]
[BlackElo "1542"]
[PlyCount "54"]
[EventDate "2008.??.??"]

1. e4 c6 2. d3 g6 3. Nd2 Bg7 4. Ngf3 d6 5. g3 Nf6 6. Bg2 O-O 7. O-O e5 8. c3
Ne8 9. Qb3 Qc7 10. a4 Nd7 11. d4 Kh8 12. a5 Rb8 13. Nc4 f6 14. Nh4 d5 15. exd5
cxd5 16. Ne3 f5 17. Nxd5 Qd8 18. dxe5 Nc5 19. Qc4 Ne6 20. f4 N8c7 21. Be3 Bd7
22. Rfd1 Rf7 23. Bxa7 Rc8 24. Nb6 Bb5 25. Rxd8+ Rxd8 26. Qa2 Bf8 27. Nd5 Bc5+
1-0

[Event "Frankfurt Ch 2008"]
[Site "Ffm-Kalbach, LAZ"]
[Date "2008.04.28"]
[Round "1.36"]
[White "Tramnitz, Christian"]
[Black "Biegel, Thomas"]
[Result "0-1"]
[WhiteElo "1529"]
[BlackElo "2030"]
[PlyCount "84"]
[EventDate "2008.??.??"]

1. e4 c6 2. d4 d5 3. e5 c5 4. c3 Nc6 5. Bb5 cxd4 6. Bxc6+ bxc6 7. cxd4 Qb6 8.
a3 e6 9. b4 Ne7 10. Ne2 Ba6 11. Nbc3 Nf5 12. Bb2 Be7 13. O-O O-O 14. Na4 Qb5
15. Nac3 Qd3 16. Qxd3 Bxd3 17. Rfd1 Bc4 18. Rd2 Rfb8 19. Ng3 Bg5 20. Rdd1 Nxg3
21. hxg3 a5 22. f4 Be7 23. Na2 Bxa2 24. Rxa2 axb4 25. a4 h5 26. Rc1 Ra6 27. Ba1
b3 28. Rf2 Rxa4 29. Bb2 Ba3 30. Kh2 Bxb2 31. Rxb2 Rc4 32. Rcb1 Rxd4 33. Rxb3
Rxb3 34. Rxb3 c5 35. Kh3 Kh7 36. Rf3 Kg6 37. g4 hxg4+ 38. Kxg4 c4 39. g3 Rd3
40. Rxd3 cxd3 41. Kf3 d2 42. Ke2 Kf5 0-1

[Event "Frankfurt Ch 2008"]
[Site "Ffm-Kalbach, LAZ"]
[Date "2008.04.28"]
[Round "1.37"]
[White "Krüger, Till"]
[Black "Knott, Tilo"]
[Result "1-0"]
[WhiteElo "2069"]
[BlackElo "1510"]
[PlyCount "99"]
[EventDate "2008.??.??"]

1. e4 d5 2. exd5 Qxd5 3. Nc3 Qa5 4. d4 Nf6 5. Bc4 c6 6. Bd2 Qc7 7. Nge2 Bg4 8.
f3 Bh5 9. Bf4 Qd8 10. O-O e6 11. Ng3 Bg6 12. Be5 Nbd7 13. Qe2 Be7 14. Rad1 O-O
15. Kh1 Re8 16. a3 Nd5 17. Nge4 N7b6 18. Bb3 Rc8 19. Qf2 Nd7 20. Bg3 N7f6 21.
Nxf6+ Nxf6 22. Rfe1 Nh5 23. Be5 Nf6 24. Ne2 h6 25. Nf4 Bh7 26. Qg3 Bd6 27. Qh3
Bf8 28. c3 Nd5 29. Nxd5 exd5 30. Ba2 Bc2 31. Rd2 f6 32. Rxc2 fxe5 33. Rce2 Rc7
34. dxe5 Bc5 35. Bb1 Qg5 36. g3 Rf8 37. f4 Qe7 38. Qg4 g5 39. f5 Qf7 40. f6 d4
41. b4 Qd5+ 42. Be4 Qb3 43. bxc5 Qxc3 44. Qf5 Qxc5 45. Qg6+ Kh8 46. Qxh6+ Kg8
47. Qxg5+ Kh8 48. Qh6+ Kg8 49. e6 Qd6 50. f7+ 1-0

[Event "Frankfurt Ch 2008"]
[Site "Ffm-Kalbach, LAZ"]
[Date "2008.04.28"]
[Round "1.38"]
[White "Mühlbach, Christian"]
[Black "Czikuß, Hans-Joachim"]
[Result "0-1"]
[WhiteElo "1474"]
[BlackElo "1951"]
[PlyCount "72"]
[EventDate "2008.??.??"]

1. e4 c5 2. Nf3 Nc6 3. d4 cxd4 4. c3 Nf6 5. e5 Nd5 6. cxd4 d6 7. Bc4 Nb6 8. Be2
dxe5 9. dxe5 Qxd1+ 10. Bxd1 g6 11. Bb3 Bg7 12. e6 fxe6 13. O-O Na5 14. Bc2 Bd7
15. Be4 O-O 16. Nc3 Rac8 17. Re1 Nbc4 18. Nd1 b6 19. Rb1 Nd6 20. Bd3 Nc6 21. a3
b5 22. Ne3 a6 23. Bd2 Nf5 24. Ng4 Rfd8 25. Bf4 h5 26. Nge5 Nxe5 27. Nxe5 Be8
28. Be4 Bf6 29. Bf3 g5 30. Bc1 Rc5 31. Nc6 Bxc6 32. Bxh5 Bd5 33. Be2 Kf7 34. g4
Nh4 35. Be3 Rcc8 36. Red1 Nf3+ 0-1

[Event "Frankfurt Ch 2008"]
[Site "Ffm-Kalbach, LAZ"]
[Date "2008.04.28"]
[Round "1.39"]
[White "Ochmann, Reimund"]
[Black "Castillo, Melchor"]
[Result "1-0"]
[WhiteElo "2123"]
[BlackElo "1439"]
[PlyCount "39"]
[EventDate "2008.??.??"]

1. e4 e5 2. Nf3 Nc6 3. d4 exd4 4. Bc4 Bc5 5. c3 a6 6. cxd4 Be7 7. O-O h6 8. Qb3
Bg5 9. Bxf7+ Kf8 10. Bh5 Qe7 11. Nc3 Nf6 12. Nd5 Nxd5 13. Qxd5 Nd8 14. Ne5 Qe6
15. Qxe6 dxe6 16. Ng6+ Kg8 17. f4 Nc6 18. fxg5 Bd7 19. d5 Nd4 20. Ne7+ 1-0

[Event "Frankfurt Ch 2008"]
[Site "Ffm-Kalbach, LAZ"]
[Date "2008.04.28"]
[Round "1.40"]
[White "Scheerer, Michael"]
[Black "Fernandez-Egea, Andres"]
[Result "0-1"]
[WhiteElo "1435"]
[BlackElo "2051"]
[PlyCount "98"]
[EventDate "2008.??.??"]

1. e4 c5 2. Nf3 d6 3. d4 cxd4 4. Nxd4 Nf6 5. Nc3 a6 6. Be3 e6 7. Be2 Be7 8. O-O
O-O 9. f4 Qc7 10. Qe1 b5 11. a3 Bb7 12. Bf3 Nbd7 13. Nb3 Rac8 14. Kh1 Nb6 15.
Bxb6 Qxb6 16. Qf2 Nd7 17. Rad1 Rfd8 18. f5 Qxf2 19. Rxf2 Ne5 20. fxe6 fxe6 21.
Nd4 Nxf3 22. Rxf3 e5 23. Nf5 Bf8 24. Rfd3 Rc6 25. R1d2 g6 26. Ne3 Rc7 27. Ncd5
Rf7 28. Kg1 Bh6 29. Rf2 Bf4 30. g3 Bxe3 31. Rxe3 Bxd5 32. exd5 Rc8 33. c3 Rc5
34. Rd2 Rf5 35. Kg2 Kf7 36. Re4 Ke7 37. Rd3 Rc8 38. g4 Rf6 39. b3 Rcf8 40. c4
Rf2+ 41. Kg3 g5 42. cxb5 axb5 43. Rb4 R8f4 44. Rxf4 Rxf4 45. h4 Kf6 46. h5 e4
47. Re3 Ke5 48. a4 Kd4 49. Re1 Rf3+ 0-1

[Event "Frankfurt Ch 2008"]
[Site "Ffm-Kalbach, LAZ"]
[Date "2008.04.28"]
[Round "1.41"]
[White "Balló, Harald"]
[Black "Will, Karsten"]
[Result "1-0"]
[WhiteElo "1981"]
[BlackElo "1429"]
[PlyCount "111"]
[EventDate "2008.??.??"]

1. d4 d5 2. c4 e6 3. Nc3 Nf6 4. Bg5 c5 5. Nf3 Be7 6. e3 Nc6 7. dxc5 Bxc5 8.
cxd5 exd5 9. Be2 Bb4 10. Rc1 Be6 11. O-O Bxc3 12. Rxc3 O-O 13. h3 h6 14. Bh4
Re8 15. Bd3 Qe7 16. Bb1 Rad8 17. a3 Rd7 18. b4 Red8 19. b5 Na5 20. Qa4 b6 21.
Nd4 g5 22. Bg3 Ne4 23. Bxe4 dxe4 24. Rfc1 f5 25. Nc6 Nxc6 26. bxc6 Rd5 27. c7
Rc8 28. Qxa7 Kf7 29. Qxb6 h5 30. Rc6 Qxa3 31. h4 g4 32. Bf4 Qe7 33. Bg5 Qd7 34.
Kh2 Rd2 35. R1c2 Rxc2 36. Rxc2 Qd5 37. Qb4 Qd7 38. Qc5 Ke8 39. Qe5 Kf7 40. Qf6+
Ke8 41. Qh8+ Kf7 42. Qxh5+ Kf8 43. Bh6+ Ke7 44. Bg5+ Kf8 45. Qh8+ Kf7 46. Qh7+
Ke8 47. Qxd7+ Kxd7 48. Bf4 Ke7 49. Kg3 Bf7 50. Rc6 Kd7 51. Rf6 Be6 52. h5 Ke7
53. Be5 Rxc7 54. Rxe6+ Kxe6 55. Bxc7 Kf6 56. Kf4 1-0

[Event "Frankfurt Ch 2008"]
[Site "Ffm-Kalbach, LAZ"]
[Date "2008.04.28"]
[Round "1.42"]
[White "Lehmann, Gerit"]
[Black "Thomele, Michael"]
[Result "0-1"]
[WhiteElo "1427"]
[BlackElo "1877"]
[PlyCount "128"]
[EventDate "2008.??.??"]

1. d4 e6 2. c4 c5 3. Nf3 Nf6 4. Bg5 Be7 5. e3 h6 6. Bh4 Nc6 7. Nc3 Qa5 8. Qa4
Qd8 9. a3 O-O 10. Be2 d5 11. Qd1 dxc4 12. Bxc4 cxd4 13. Nxd4 Ne5 14. Be2 Ng6
15. Bg3 e5 16. Nf3 Qb6 17. Qc2 e4 18. Nd2 Bf5 19. O-O Rac8 20. Qb3 Qxb3 21.
Nxb3 Rfd8 22. Rfd1 Rxd1+ 23. Rxd1 Bxa3 24. bxa3 Rxc3 25. Nd4 Bd7 26. Bd6 a6 27.
Bb4 Rc8 28. Bd2 Ne5 29. Rc1 Nc6 30. Nxc6 Bxc6 31. a4 Rd8 32. Bb4 Bxa4 33. Be7
Rd2 34. Bxf6 gxf6 35. Kf1 Rb2 36. Ke1 Bb5 37. Bxb5 Rxb5 38. Kd2 a5 39. Rc3 Rb4
40. Kc2 Kg7 41. Ra3 b6 42. Rc3 f5 43. Ra3 Rb5 44. Rc3 h5 45. g3 Kg6 46. h3 a4
47. Ra3 Rc5+ 48. Kb2 b5 49. Ra2 Rd5 50. Kc3 Rd3+ 51. Kc2 Rb3 52. Kd2 Kf6 53.
Kc2 Ke5 54. Kd2 Kd5 55. Kc2 Kc4 56. Kd2 Kb4 57. Kc2 a3 58. Kc1 Rb2 59. Rxb2+
axb2+ 60. Kxb2 Kc4 61. Kc2 b4 62. Kb2 Kd3 63. Kb3 Ke2 64. Kxb4 Kxf2 0-1

[Event "Frankfurt Ch 2008"]
[Site "Ffm-Kalbach, LAZ"]
[Date "2008.04.28"]
[Round "1.43"]
[White "Cors, Heinz-Friedrich"]
[Black "Plötz, Hans-Jürgen"]
[Result "1-0"]
[WhiteElo "2016"]
[BlackElo "1413"]
[PlyCount "55"]
[EventDate "2008.??.??"]

1. e4 d6 2. d4 Nf6 3. Nc3 Nbd7 4. Bc4 e5 5. Nf3 Be7 6. O-O O-O 7. a4 a6 8. Re1
c6 9. Bb3 Qc7 10. Qe2 exd4 11. Nxd4 Nc5 12. Bc4 Bd7 13. a5 Rfe8 14. Qf3 Bg4 15.
Qg3 Rac8 16. h3 Bd7 17. Qf3 Bf8 18. Bg5 d5 19. exd5 Nxd5 20. Nxd5 cxd5 21. Bxd5
Rxe1+ 22. Rxe1 Qxa5 23. Bxf7+ Kh8 24. c3 Qb6 25. b4 Na4 26. Be8 Bxb4 27. Bxd7
Rf8 28. Qxf8+ 1-0

[Event "Frankfurt Ch 2008"]
[Site "Ffm-Kalbach, LAZ"]
[Date "2008.04.28"]
[Round "1.44"]
[White "Lopez-Fuertes, Victor"]
[Black "Gutacker, Stephan"]
[Result "0-1"]
[WhiteElo "1411"]
[BlackElo "1985"]
[PlyCount "62"]
[EventDate "2008.??.??"]

1. e4 e5 2. Nf3 Nc6 3. Bc4 Nf6 4. c3 Be7 5. O-O Nxe4 6. d4 d5 7. Bb5 exd4 8.
Nxd4 Bd7 9. Bxc6 bxc6 10. Re1 O-O 11. Be3 Bd6 12. Nd2 c5 13. N4b3 c4 14. Nxe4
dxe4 15. Na5 Be6 16. Qe2 f5 17. Nxc4 Bxc4 18. Qxc4+ Kh8 19. Bd4 Qg5 20. Be3 Qg6
21. Bc5 Rfd8 22. Rad1 Bxh2+ 23. Kf1 h5 24. Rxd8+ Rxd8 25. Bxa7 Rd3 26. Bb8 Qb6
27. Qb3 Qa6 28. Re2 Qd6 29. Ke1 Qg6 30. Qb7 Qg5 31. Bxc7 Qc1# 0-1

[Event "Frankfurt Ch 2008"]
[Site "Ffm-Kalbach, LAZ"]
[Date "2008.04.28"]
[Round "1.45"]
[White "Tierling, Detlef"]
[Black "Grimm, Heinz-Peter"]
[Result "1-0"]
[WhiteElo "2006"]
[BlackElo "1402"]
[PlyCount "77"]
[EventDate "2008.??.??"]

1. f4 d5 2. e3 c5 3. b3 b6 4. Bb2 e6 5. Nf3 f6 6. Bd3 Ba6 7. c4 dxc4 8. Be4 Nd7
9. Bxa8 Qxa8 10. bxc4 Bxc4 11. d3 Bb5 12. e4 Bd6 13. Qb3 Qc6 14. Qxe6+ Kd8 15.
e5 Bc7 16. Qxc6 Bxc6 17. Nbd2 Nh6 18. O-O-O Ng4 19. e6 Nf2 20. exd7 Nxh1 21.
Rxh1 Bxf4 22. Kc2 Kxd7 23. Ne4 Re8 24. Nfd2 Ba4+ 25. Nb3 c4 26. Rf1 cxb3+ 27.
axb3 Rc8+ 28. Nc3 Bxb3+ 29. Kxb3 Bxh2 30. Rh1 Be5 31. d4 Bf4 32. Nd5 Bg5 33.
Rxh7 Bh6 34. Nxf6+ Ke6 35. Ng4 Kf5 36. Ne5 Kf4 37. g4 Rg8 38. Nf7 Kxg4 39. Rxh6
1-0

[Event "Frankfurt Ch 2008"]
[Site "Ffm-Kalbach, LAZ"]
[Date "2008.04.28"]
[Round "1.46"]
[White "Stulken, Dietmar"]
[Black "Rasche, Hannes"]
[Result "0-1"]
[WhiteElo "1352"]
[BlackElo "2020"]
[PlyCount "62"]
[EventDate "2008.??.??"]

1. e4 e6 2. d4 d5 3. exd5 exd5 4. Bd3 Nf6 5. Bf4 Be6 6. c3 Be7 7. Nf3 O-O 8.
O-O Nbd7 9. Nbd2 c6 10. Re1 Bg4 11. Qc2 Re8 12. Re3 Nf8 13. Bg5 Bd6 14. Ne5 Bh5
15. Rae1 Qc7 16. Bf4 Ne6 17. Bg3 c5 18. b3 cxd4 19. cxd4 Qxc2 20. Bxc2 Nxd4 21.
Bb1 Bb4 22. Rd3 Ne2+ 23. Kf1 Nxg3+ 24. hxg3 Ne4 25. Rxd5 Nxd2+ 26. Rxd2 Bxd2
27. Re4 Rad8 28. Nc4 Rxe4 29. Bxe4 Bb4 30. Bc2 b5 31. Ne5 Rd2 0-1

[Event "Frankfurt Ch 2008"]
[Site "Ffm-Kalbach, LAZ"]
[Date "2008.04.28"]
[Round "1.47"]
[White "Koch, Ulrich"]
[Black "Grohmüller, Robert"]
[Result "1-0"]
[WhiteElo "1859"]
[BlackElo "1350"]
[PlyCount "107"]
[EventDate "2008.??.??"]

1. d4 d5 2. Nf3 Nf6 3. e3 e6 4. Bd3 Be7 5. O-O O-O 6. Nbd2 b6 7. e4 Ba6 8. Bxa6
Nxa6 9. Qe2 Nb4 10. c3 dxe4 11. Nxe4 Nbd5 12. Ne5 Nxe4 13. Qxe4 Qd6 14. Bd2 c5
15. dxc5 bxc5 16. Rad1 Qc7 17. c4 Nf6 18. Qe2 Rfd8 19. Bc3 Qb7 20. f3 Nd7 21.
Ba5 Nb6 22. b3 Rxd1 23. Rxd1 Rd8 24. Rxd8+ Bxd8 25. Bc3 Bf6 26. Qd3 Qc7 27. Ng4
Bxc3 28. Qxc3 Nd7 29. Qd2 h6 30. g3 Ne5 31. Qf4 f6 32. Nxe5 fxe5 33. Qd2 Kf7
34. Kg2 Qc6 35. Qd3 Qc7 36. h4 Qe7 37. Qd2 Qc7 38. a3 Qc6 39. Qd3 Qc7 40. b4
cxb4 41. axb4 Qb6 42. Qd2 Qd4 43. Qxd4 exd4 44. f4 Kf6 45. Kf3 e5 46. Ke4 exf4
47. gxf4 d3 48. Kxd3 Kf5 49. c5 Ke6 50. Kc4 g6 51. Kb5 Kd7 52. Ka6 Kc6 53. Kxa7
Kb5 54. Kb7 1-0

[Event "Frankfurt Ch 2008"]
[Site "Ffm-Kalbach, LAZ"]
[Date "2008.04.28"]
[Round "1.48"]
[White "Breitbach, Stephan"]
[Black "Faqiry, Ramat"]
[Result "0-1"]
[WhiteElo "1330"]
[BlackElo "1984"]
[PlyCount "64"]
[EventDate "2008.??.??"]

1. c4 Nf6 2. Nc3 e5 3. g3 d5 4. e3 d4 5. exd4 exd4 6. Nce2 Bc5 7. d3 O-O 8. Bg2
Re8 9. Nh3 Qe7 10. Bg5 Nc6 11. Bxf6 Qxf6 12. O-O Bg4 13. Nhf4 Ne5 14. f3 Bf5
15. Nd5 Qd6 16. Nc1 c6 17. Nf4 g5 18. Bh3 Qd7 19. g4 Bg6 20. Nxg6 Nxg6 21. Ne2
Rxe2 22. Qxe2 Nf4 23. Qe5 Nxh3+ 24. Kg2 Nf4+ 25. Kg1 Qe7 26. Rfe1 Re8 27. Qf5
Ne6 28. Re2 Bd6 29. Rae1 Bf4 30. h4 Be3+ 31. Kf1 gxh4 32. Rh2 Qg5 0-1

[Event "Frankfurt Ch 2008"]
[Site "Ffm-Kalbach, LAZ"]
[Date "2008.04.28"]
[Round "1.49"]
[White "Mussler, Thomas"]
[Black "Honert, Stefan"]
[Result "1/2-1/2"]
[WhiteElo "2168"]
[BlackElo "1289"]
[PlyCount "50"]
[EventDate "2008.??.??"]

1. e4 d5 2. exd5 Nf6 3. d4 Bg4 4. Nf3 Nxd5 5. c4 Nf6 6. Be2 e6 7. O-O Be7 8.
Nc3 c6 9. Bf4 Bd6 10. Be5 Qc7 11. Bxd6 Qxd6 12. Qb3 Qc7 13. Rac1 O-O 14. Rfd1
Na6 15. Rd2 Qb6 16. Qxb6 axb6 17. a3 Nc7 18. h3 Bh5 19. Rcd1 Ra5 20. Ne5 Bxe2
21. Rxe2 Nce8 22. Re3 Nd6 23. g4 h6 24. f3 Rd8 25. Ne2 b5 1/2-1/2

[Event "Frankfurt Ch 2008"]
[Site "Ffm-Kalbach, LAZ"]
[Date "2008.04.28"]
[Round "1.50"]
[White "Fischer, Ulrich"]
[Black "Geringer, Waldemar"]
[Result "0-1"]
[WhiteElo "1256"]
[BlackElo "1886"]
[PlyCount "84"]
[EventDate "2008.??.??"]

1. e4 c5 2. Nf3 d6 3. d4 cxd4 4. Nxd4 Nf6 5. Nc3 a6 6. Bg5 e6 7. f4 Be7 8. Qf3
Qc7 9. O-O-O h6 10. Bh4 Nxe4 11. Bxe7 Nxc3 12. Bxd6 Qxd6 13. Qxc3 Qxf4+ 14. Kb1
O-O 15. Bc4 Qc7 16. Qb3 Nc6 17. Nxc6 Qxc6 18. g4 b5 19. Be2 Bb7 20. Rhg1 Rfd8
21. Rdf1 Rd2 22. Bf3 Qc7 23. Bxb7 Qxb7 24. g5 hxg5 25. Rxg5 Rad8 26. Rgg1 Qd5
27. Qxd5 R8xd5 28. h3 Rh2 29. Rf3 Rdd2 30. Rc3 Rhg2 31. Rf1 f5 32. b3 Kf7 33.
Re1 g5 34. Rc6 Rde2 35. Rf1 f4 36. h4 Kf6 37. hxg5+ Kxg5 38. Rc8 e5 39. Rg8+
Kf5 40. Rf8+ Ke4 41. Rc8 f3 42. Kb2 f2 0-1

[Event "Frankfurt Ch 2008"]
[Site "Ffm-Kalbach, LAZ"]
[Date "2008.04.28"]
[Round "1.51"]
[White "Thole, Markus"]
[Black "Ortiz-Rodriguez, José"]
[Result "1-0"]
[WhiteElo "1749"]
[BlackElo "1249"]
[PlyCount "73"]
[EventDate "2008.??.??"]

1. e4 d6 2. d4 Nf6 3. Nc3 c6 4. Be3 Qa5 5. Bd3 Nbd7 6. f4 e5 7. Nf3 Be7 8. Qd2
O-O 9. O-O Re8 10. Bc4 Ng4 11. Ng5 Rf8 12. Nd5 cxd5 13. Qxa5 Nxe3 14. Bxd5 Nxd5
15. exd5 exf4 16. Ne4 f5 17. Nd2 b6 18. Qb5 a6 19. Qe2 Bf6 20. Rxf4 a5 21. c3
Ba6 22. Qe6+ Rf7 23. Re1 Raf8 24. Qxd6 Bg5 25. Rf2 f4 26. Nf3 Bd8 27. Ne5 Re7
28. Qxd7 Rxd7 29. Nxd7 Rf5 30. Re8+ Kf7 31. Rxd8 Ke7 32. Ra8 Bb7 33. Ra7 Bxd5
34. Nxb6+ Kf6 35. Nxd5+ Rxd5 36. Rxf4+ Kg5 37. g3 1-0

[Event "Frankfurt Ch 2008"]
[Site "Ffm-Kalbach, LAZ"]
[Date "2008.04.28"]
[Round "1.52"]
[White "Truxa, Barbara"]
[Black "Hausmann, Hans-Ulrich"]
[Result "0-1"]
[WhiteElo "1248"]
[BlackElo "1950"]
[PlyCount "40"]
[EventDate "2008.??.??"]

1. e4 e6 2. d4 d5 3. Nc3 Bb4 4. e5 c5 5. Nf3 cxd4 6. Nxd4 Qc7 7. Bd2 Qxe5+ 8.
Nce2 Bxd2+ 9. Qxd2 Nf6 10. Qb4 Nc6 11. Nxc6 bxc6 12. Qc3 Qxc3+ 13. Nxc3 O-O 14.
Bd3 e5 15. f3 Be6 16. O-O Nd7 17. g4 Nc5 18. Rad1 Nxd3 19. Rxd3 d4 20. Na4 Bc4
0-1

[Event "Frankfurt Ch 2008"]
[Site "Ffm-Kalbach, LAZ"]
[Date "2008.04.28"]
[Round "1.53"]
[White "Fischer, Arthur"]
[Black "Richter, Edgar"]
[Result "1-0"]
[WhiteElo "2013"]
[BlackElo "1246"]
[PlyCount "95"]
[EventDate "2008.??.??"]

1. e4 e6 2. d4 d5 3. Nc3 Nf6 4. Bg5 Be7 5. e5 Nfd7 6. Bxe7 Qxe7 7. Bd3 Nc6 8.
Qg4 f5 9. Qf4 Nb4 10. O-O-O Nxd3+ 11. Rxd3 Nb6 12. Nf3 Bd7 13. g4 O-O-O 14. Re1
fxg4 15. Qxg4 h5 16. Qg3 Rdg8 17. h4 Nc4 18. Nb1 a6 19. b3 Na3 20. Ng5 Nxb1 21.
Kxb1 g6 22. Rf3 c5 23. Rf7 Qd8 24. Qc3 c4 25. bxc4 Qb6+ 26. Ka1 Qc6 27. c5 Rf8
28. Rb1 Rxf7 29. Nxf7 Rf8 30. Nd6+ Kd8 31. Qg3 Qa4 32. Qg5+ Kc7 33. Rxb7+ Kc6
34. Rb6+ Kc7 35. Qd2 Bc6 36. Rb3 Rb8 37. Qc3 Rxb3 38. cxb3 Qa3 39. Kb1 a5 40.
Qd3 Qb4 41. Kb2 a4 42. Qc3 a3+ 43. Kc2 Qxc3+ 44. Kxc3 Bb7 45. Nxb7 Kxb7 46. f4
Kc6 47. b4 Kb5 48. Kb3 1-0

[Event "Frankfurt Ch 2008"]
[Site "Ffm-Kalbach, LAZ"]
[Date "2008.04.28"]
[Round "1.54"]
[White "Liebert, Monika"]
[Black "Fröhlich-Dill, Astrid"]
[Result "0-1"]
[WhiteElo "1042"]
[BlackElo "1997"]
[PlyCount "56"]
[EventDate "2008.??.??"]

1. e4 e6 2. Nf3 b6 3. b3 Bb7 4. d3 c5 5. c4 d6 6. Bb2 Nd7 7. g3 Ngf6 8. Bg2 Be7
9. Nc3 a6 10. a4 O-O 11. O-O Qc7 12. Re1 Rad8 13. Ne2 Ne8 14. Nf4 Ne5 15. Nxe5
dxe5 16. Nh3 Rd7 17. Bf1 f6 18. Qg4 f5 19. exf5 exf5 20. Qd1 Bf6 21. Qh5 Qc6
22. f3 g6 23. Qxg6+ hxg6 24. Be2 Ng7 25. Kg2 e4 26. Bxf6 exf3+ 27. Bxf3 Qxf3+
28. Kg1 Qg2# 0-1

[Event "Frankfurt Ch 2008"]
[Site "Ffm-Kalbach, LAZ"]
[Date "2008.04.28"]
[Round "1.58"]
[White "Petri, Igor"]
[Black "Schreyer, Alois"]
[Result "1-0"]
[WhiteElo "1724"]
[BlackElo "2113"]
[PlyCount "103"]
[EventDate "2008.??.??"]

1. f4 d5 2. Nf3 Nf6 3. e3 Bg4 4. Be2 Nc6 5. O-O e6 6. d4 Bxf3 7. Bxf3 Bd6 8.
Nc3 O-O 9. Bd2 Ne7 10. Nb5 Nf5 11. Nxd6 Nxd6 12. Be1 Rc8 13. g4 Nfe4 14. Qe2
Re8 15. Kh1 Qd7 16. Bb4 b6 17. Bxd6 Nxd6 18. c3 c5 19. Rg1 cxd4 20. exd4 Qc7
21. Rg3 Nc4 22. Rf1 Nd6 23. Rh3 g6 24. Rg1 f5 25. Qf2 Ne4 26. Qh4 Qe7 27. g5
Rc7 28. Qe1 Qd7 29. Rh6 Qd6 30. Qe3 Qc6 31. h4 Rg7 32. Rg2 Qc4 33. Be2 Qxa2 34.
h5 Ree7 35. Qh3 Qxb2 36. hxg6 Qc1+ 37. Kh2 Qxf4+ 38. Kg1 Rxg6 39. Rxg6+ hxg6
40. Qh6 Rg7 41. Bh5 Qe3+ 42. Kh2 Qf4+ 43. Kg1 Qh4 44. Bxg6 Qxh6 45. gxh6 Rc7
46. Bxf5+ Kh8 47. Bxe6 Nxc3 48. Bf5 b5 49. Rg6 b4 50. Rd6 Kg8 51. Rd8+ Kf7 52.
h7 1-0

[Event "Frankfurt Ch 2008"]
[Site "Ffm-Kalbach, LAZ"]
[Date "2008.04.28"]
[Round "1.59"]
[White "Sarközy, Benjamin"]
[Black "Wehhofer, Josef"]
[Result "0-1"]
[WhiteElo "1787"]
[BlackElo "1634"]
[PlyCount "94"]
[EventDate "2008.??.??"]

1. e4 e5 2. Nf3 Nf6 3. Nxe5 d6 4. Nf3 Nxe4 5. d4 Bg4 6. Bd3 Nf6 7. O-O Nc6 8.
c3 Be7 9. Bg5 h6 10. Be3 O-O 11. Nbd2 d5 12. h3 Be6 13. Bf4 Bd6 14. Ne5 Bxe5
15. dxe5 Nd7 16. Qh5 f5 17. exf6 Nxf6 18. Qe2 Qd7 19. Bc2 Bf5 20. Bxf5 Qxf5 21.
Bxc7 Rf7 22. Bg3 Qc2 23. Qd1 Qxb2 24. Qc1 Qb6 25. Re1 Nh5 26. Rb1 Qc5 27. Nb3
Qc4 28. Bd6 Rd8 29. Bc5 Nf4 30. Qe3 Nd3 31. Re2 Qxc3 32. Rd2 Nce5 33. Rc1 d4
34. Qg3 Nxc1 35. Qxc3 Ne2+ 36. Rxe2 dxc3 37. Rxe5 c2 38. Be3 Rd1+ 39. Kh2 Rc7
40. Bc1 b6 41. Re4 b5 42. Kg3 a5 43. Rd4 Re1 44. f3 a4 45. Kf2 Rd1 46. Ke2 axb3
47. Rxd1 cxd1=Q+ 0-1

[Event "Frankfurt Ch 2008"]
[Site "Ffm-Kalbach, LAZ"]
[Date "2008.04.28"]
[Round "1.60"]
[White "Ganjian, Mehrdad"]
[Black "Richter, Tobias"]
[Result "0-1"]
[WhiteElo "1803"]
[BlackElo "2099"]
[PlyCount "64"]
[EventDate "2008.??.??"]

1. e4 a6 2. d4 b5 3. c4 bxc4 4. Bxc4 e6 5. Nc3 Nc6 6. Nge2 Be7 7. O-O Rb8 8.
Qd3 Nf6 9. e5 Ng4 10. Qg3 h5 11. h3 Bh4 12. Qf4 Nh6 13. g3 Be7 14. d5 Na5 15.
Bd3 Rb4 16. Qf3 Bb7 17. a3 Rb6 18. b4 Nb3 19. Rb1 Nxc1 20. Rfxc1 g6 21. Be4 O-O
22. Nf4 Ba8 23. Qd3 Bg5 24. Na4 Rb8 25. dxe6 Bxf4 26. gxf4 Bxe4 27. exf7+ Rxf7
28. Qxe4 Nf5 29. Nc5 Rb6 30. Kh2 Qh4 31. Nd3 g5 32. fxg5 Qxe4 0-1

[Event "Frankfurt Ch 2008"]
[Site "Ffm-Kalbach, LAZ"]
[Date "2008.04.28"]
[Round "1.61"]
[White "Bongardt, Torsten"]
[Black "Henzner, Reiner"]
[Result "0-1"]
[WhiteElo "1417"]
[BlackElo "2094"]
[PlyCount "92"]
[EventDate "2008.??.??"]

1. d4 Nf6 2. Nf3 g6 3. Bf4 Bg7 4. e3 O-O 5. Bd3 d6 6. O-O Re8 7. c4 Nbd7 8. Bg5
c5 9. Nc3 b6 10. Re1 Nf8 11. d5 Bg4 12. h3 Bxf3 13. Qxf3 N6d7 14. Rac1 Ne5 15.
Qe2 Nxd3 16. Qxd3 a6 17. e4 h6 18. Bf4 Nd7 19. Bh2 Bd4 20. Kf1 Qb8 21. f4 b5
22. b3 b4 23. Na4 Rf8 24. Bg1 Bg7 25. Rc2 Ra7 26. Bh2 f5 27. exf5 Rxf5 28. Rce2
Qf8 29. Rf2 Kh7 30. g4 Rf7 31. Re6 Rf6 32. Qe4 Rxe6 33. Qxe6 Bd4 34. Rf3 Ne5
35. Kg2 Nxf3 36. Kxf3 Qg8 37. f5 Qxe6 38. dxe6 gxf5 39. gxf5 Rb7 40. Ke4 Kg7
41. Bf4 Rb8 42. Kf3 a5 43. Ke4 Kf6 44. h4 Rg8 45. Bxh6 Rg4+ 46. Kf3 Rxh4 0-1

[Event "Frankfurt Ch 2008"]
[Site "Ffm-Kalbach, LAZ"]
[Date "2008.04.28"]
[Round "1.62"]
[White "Behnick, Eckhard"]
[Black "Schellen, Sven"]
[Result "1-0"]
[WhiteElo "2156"]
[BlackElo "1396"]
[PlyCount "43"]
[EventDate "2008.??.??"]

1. e4 c6 2. b3 d5 3. e5 Bf5 4. Bb2 e6 5. Nf3 Nd7 6. d4 Bb4+ 7. c3 Ba5 8. Bd3
Bg4 9. O-O f6 10. exf6 Ngxf6 11. Nbd2 O-O 12. Qc2 Bc7 13. h3 Bh5 14. Rfe1 Bf7
15. Ng5 e5 16. Bxh7+ Kh8 17. Ba3 Bg8 18. Bxg8 Kxg8 19. Ne6 Qc8 20. Bxf8 Nxf8
21. Nxc7 Qxc7 22. Rxe5 1-0

[Event "Frankfurt Ch 2008"]
[Site "Ffm-Kalbach, LAZ"]
[Date "2008.04.28"]
[Round "1.64"]
[White "Krüger, Manfred"]
[Black "Winand, Edgar"]
[Result "0-1"]
[WhiteElo "1690"]
[BlackElo "1778"]
[PlyCount "60"]
[EventDate "2008.??.??"]

1. e4 d6 2. d4 g6 3. Nf3 Bg7 4. Be2 Nc6 5. d5 Ne5 6. O-O Nxf3+ 7. Bxf3 Nf6 8.
h3 O-O 9. Nc3 e5 10. Bg5 h6 11. Bh4 a6 12. b4 Qe8 13. a4 Nh7 14. Qd2 f5 15.
exf5 gxf5 16. Bg3 Qg6 17. Qe2 Nf6 18. h4 e4 19. h5 exf3 20. hxg6 fxe2 21. Nxe2
Nxd5 22. Rab1 f4 23. Bh2 f3 24. Ng3 fxg2 25. Kxg2 Rf6 26. c4 Nf4+ 27. Kh1 Bh3
28. Rfe1 Bg2+ 29. Kg1 Bc6 30. b5 Nh3+ 0-1